[Event "NOR-ch"]
[Site "Kristiansund"]
[Date "1992.??.??"]
[Round "4"]
[White "Djurhuus, Rune"]
[Black "Fyllingen, Roy Harald"]
[Result "0-1"]
[WhiteElo "2405"]
[BlackElo "2330"]
[Annotator "Bulletin"]
[PlyCount "74"]
[EventDate "1992.??.??"]
[EventType "swiss"]
[EventRounds "9"]
[EventCountry "NOR"]
[SourceTitle "TD"]
[Source "ChessBase"]
[SourceDate "1994.03.01"]
[SourceVersion "1"]
[SourceVersionDate "1994.03.01"]
[SourceQuality "1"]

1. d4 Nf6 2. Nf3 e6 3. c4 Bb4+ 4. Bd2 a5 5. g3 d6 6. Nc3 Nbd7 7. Bg2 e5 8. a3
Bxc3 9. Bxc3 Qe7 10. e3 $6 {Kort rokade var Е foretrekke} O-O 11. O-O a4 12.
Qc2 Re8 13. Nd2 c5 $1 {Dermed er hvits dronningflKy helt lammet} 14. dxe5 dxe5
15. Nf3 $2 {NÅ griper svart initiativet for godt. 15.e4 fulgt av Tae1 og f4
ser brukbart ut for hvit.} Qe6 16. Be1 $2 {Hvit spiller svært passivt. Bedre
var 16.De2 eller Sd2.} e4 17. Nd2 $6 (17. Ng5 {Kanskje skulle hvit prKvd dette
trekket.En mulig fortsettelse kunne blitt} Qe5 18. f4 exf3 19. Nxf3 Qxe3+ 20.
Bf2 {Hvit ser ut til Е ha kompensasjon for bonden i form av lKperparet.}) 17...
b6 18. Rc1 $6 {NÅ blir hvit helt innpakket. 18.f3 mÅtte spilles.} Bb7 19. Kh1
Ng4 $6 {UnKdvendig.} (19... Bc6 {ville vist hvit hvor hjelpeslKs han er.}) 20.
h3 Ngf6 21. Kh2 {med remistilbud} Ne5 $1 22. f3 (22. Nxe4 Nxe4 23. Bxe4 Ng4+
24. hxg4 Bxe4 25. Qc3 Qh6+) 22... exf3 23. Nxf3 Nxf3+ (23... Neg4+ 24. hxg4
Nxg4+ 25. Kg1 Nxe3 26. Qf2 Nxf1 {sort har materiell overvekt, men hvit er ikke
uten sjanser.}) 24. Bxf3 Bxf3 25. Rxf3 Ne4 26. Rf4 Rad8 $1 27. h4 {Alt er
hÅplKst. f.eks.} (27. Qxa4 Ng5 $1) 27... Nf6 28. Qe2 Qxe3 29. Qxe3 Rxe3 30. Kg2
Ne4 31. Rf5 Rdd3 32. Rd5 Rxd5 33. cxd5 Nd6 34. Bc3 Rd3 35. Re1 Kf8 36. Re5 f6
37. Rh5 Kg8 {TÅrnet blir fanget etter g6 og Sf7.} 0-1

[Event "POL-ch 52nd"]
[Site "Warsaw"]
[Date "1995.??.??"]
[Round "16"]
[White "Urban, Klaudiusz"]
[Black "Oliwa, Marek"]
[Result "0-1"]
[WhiteElo "2410"]
[BlackElo "2405"]
[Annotator "Bulletin"]
[PlyCount "90"]
[EventDate "1995.02.11"]
[EventType "tourn"]
[EventRounds "17"]
[EventCountry "POL"]
[EventCategory "8"]
[SourceTitle "EXT 1999"]
[Source "ChessBase"]
[SourceDate "1998.11.16"]
[SourceVersion "1"]
[SourceVersionDate "1998.11.16"]
[SourceQuality "1"]

1. d4 Nf6 2. Nf3 e6 3. c4 Bb4+ 4. Bd2 Qe7 5. g3 Nc6 6. Bg2 d5 7. O-O Bxd2 8.
Nbxd2 O-O 9. Qc2 Rd8 10. Rfd1 Bd7 11. a3 a5 12. Rac1 a4 $6 13. e3 Be8 14. Ne5
Rdc8 15. Nd3 Na5 $2 16. cxd5 exd5 (16... Nxd5 17. e4) 17. Bh3 Bd7 18. Bxd7 Qxd7
19. Nc5 Qh3 20. Nxa4 Ra6 21. Nf1 Nc4 22. Nc3 b5 23. f3 Re6 24. Nxb5 $2 Rb8 25.
b3 Nxe3 26. Nxe3 Rxe3 27. Nc3 Rxf3 28. Qe2 Qg4 29. Kg2 Rf5 30. Qxg4 Nxg4 31.
Re1 Rf2+ 32. Kg1 Rd2 33. Re2 Rxd4 34. Nb5 Rd3 35. b4 h5 36. Nxc7 d4 37. Ra1 Ne3
38. Na6 Ra8 39. b5 Nc4 40. a4 Rc3 41. Nc5 d3 42. Ne4 Rxa4 $1 43. Rxa4 dxe2 44.
Kf2 (44. Ra1 Re3 $1) 44... Re3 45. Ke1 Ne5 0-1

[Event "World Cup"]
[Site "Barcelona"]
[Date "1989.03.??"]
[Round "1"]
[White "Jussupow, Artur"]
[Black "Spassky, Boris Vasilievich"]
[Result "1/2-1/2"]
[WhiteElo "2610"]
[BlackElo "2580"]
[Annotator "Bulletin"]
[PlyCount "83"]
[EventDate "1989.03.??"]
[EventType "tourn"]
[EventRounds "17"]
[EventCountry "ESP"]
[EventCategory "15"]
[SourceTitle "CBM 012"]
[Source "ChessBase"]
[SourceDate "1989.10.01"]
[SourceVersion "1"]
[SourceVersionDate "1989.10.01"]
[SourceQuality "1"]

1. d4 Nf6 2. c4 e6 3. Nf3 Bb4+ 4. Nbd2 d5 5. a3 Be7 6. Qc2 b6 7. e4 dxe4 8.
Nxe4 Bb7 9. Bd3 Nc6 {'!' Bulletin.} 10. Be3 Ng4 {'!' Bulletin.} 11. O-O f5 12.
Nc3 O-O {'=/+' Bulletin.} 13. Rad1 (13. d5 Nce5 $1 14. Nxe5 Nxe5) 13... Nxd4 {
'!' Bulletin.} 14. Nxd4 {'!' Bulletin.} (14. Bxd4 $2 Bxf3 15. gxf3 Nxh2 16.
Kxh2 Qxd4 $17) 14... Bd6 15. g3 (15. h3 $2 Qh4 16. Qe2 {/\ 17.Nd4-f3} Qxh3 $1
17. gxh3 Bh2#) 15... Nxh2 {'!' Bulletin.} (15... Qh4 $2 16. f3 Bxg3 17. fxg4 $1
(17. hxg3 $5 Qxg3+ 18. Qg2 $14) 17... Qxg4 18. h3 Qxh3 19. Nf3 $18) (15... f4
$2 16. Bxh7+ Kh8 17. Be4 $18) 16. Be2 {'!' Bulletin.} Nxf1 17. Bxf1 Qf6 {
'=/+' Bulletin.} 18. Bg2 Bxg2 19. Kxg2 f4 20. gxf4 Bxf4 21. Rh1 h6 22. Ne4 Qg6+
23. Ng3 Qxc2 24. Nxc2 Bxe3 25. Nxe3 Rad8 26. Ne4 Rd3 27. Re1 Rf4 {'?!'
Bulletin.} 28. f3 g5 {'?!' Bulletin.} 29. Re2 Kg7 30. c5 Rf8 31. c6 Rf4 32. Nf2
Rd6 33. Rc2 Rfd4 34. Ne4 Rd8 35. Ng4 h5 36. Ngf2 Kg6 37. b3 R8d5 38. Re2 Ra5
39. a4 Re5 40. Re3 a6 41. Kg3 Red5 42. Kg2 1/2-1/2

[Event "World U20-ch22"]
[Site "Belfort"]
[Date "1983.08.16"]
[Round "5"]
[White "Saeed, Saeed Ahmed"]
[Black "Georgiev, Kiril"]
[Result "0-1"]
[WhiteElo "2390"]
[BlackElo "2410"]
[Annotator "Bulletin/Primel,D"]
[PlyCount "82"]
[EventDate "1983.08.12"]
[EventType "swiss"]
[EventRounds "13"]
[EventCountry "FRA"]
[SourceTitle "EXT 2004"]
[Source "ChessBase"]
[SourceDate "2003.11.25"]
[SourceVersion "1"]
[SourceVersionDate "2003.11.25"]
[SourceQuality "1"]
[TimeControl "40/9000:16/5400:0"]

1. d4 {Un premier match au sommet opposant le leader SAEED qui avait 4/4 au
second comptant 3,5/4} Nf6 2. c4 e6 3. Nf3 Bb4+ (3... b6) 4. Bd2 (4. Nc3 {
l'alternative}) (4. Nbd2 {[%cal Ga2a3]}) 4... c5 $5 (4... Qe7 {La variante
principale qui est très solide mais un peu passive} 5. g3 Nc6 6. Bg2 Bxd2+ 7.
Nbxd2 d6 8. O-O O-O 9. e4 e5 10. d5 Nb8 11. Ne1 {[%cal Ge1d3,Gc4c5]} a5 {
[%csl Gb4][%cal Gb8a6,Ga6c5]} 12. Nd3 Na6 13. f4 $1 $14) (4... a5 5. Bxb4 axb4
{[%csl Ra2]} 6. Nbd2 d6) 5. Bxb4 {la ligne critique contre 4. c5 qui est assez
risqué} cxb4 6. g3 O-O (6... b6 7. Bg2 Bb7 8. O-O O-O 9. Qb3 $1 a5 10. a3 Na6
11. Nbd2 $14) 7. Bg2 d6 8. O-O Nc6 $146 {[%cal Ge6e5,Gc8g4,Gc6b4] La
nouveauté préparée par le bulgare pour préparer la poussée "e5" et
libérer le B de cases blanches} (8... Qe7 9. a3 Na6 {Vasilev,N-Vitolinsh,A 
(2470) URS-ch sf Severodonetsk 1982 0-1} (9... bxa3 10. Rxa3)) 9. a3 $1 {
la forte réponse à la nouveauté pour activer la R sur la colonne "a"} (9. d5
) 9... bxa3 10. Rxa3 $14 (10. Nxa3 e5 11. Nb5 (11. d5 Nb4)) 10... e5 11. Nc3
Bg4 {[%csl Rd4]} 12. d5 {enferme le Bg2 mais gagne de l'espace} Bxf3 13. Bxf3
Nb4 $5 {[%csl Rb4] Le N manque de soutien} (13... Nd4 14. Bg2 {[%cal Ge2e3]}) (
13... Ne7) 14. e4 (14. Ra4 Qb6 15. Nb5 e4 (15... a5 16. Qb3 Nd7 17. Ra3 Nc5 18.
Qc3 f5 19. Rfa1 Rf6 20. Qd2 (20. Qxb4 $2 axb4 21. Rxa8+ Rf8 22. Rxf8+ Kxf8 23.
Ra8+ Ke7 $17)) 16. Bg2 Nbxd5 17. Nxd6 $1) 14... Qb6 {Le début d'un plan
intéressant de pression sur les cases noires "d4" et "b2"} 15. Qd2 (15. Qb3 {
[%cal Gf1a1]} a5 16. Rfa1 Nd7 {[%cal Gd7c5]}) 15... a5 16. Kg2 Qc5 17. Be2 Qd4
$5 $132 {[%csl Re2] Avec un bon jeu Noir (Goldenberg)} 18. Qxd4 (18. Rd1) 18...
exd4 19. Nb5 Nxe4 20. Nxd4 Rfe8 $44 21. Rfa1 (21. Re3) 21... b6 22. Re3 Kf8 23.
Bf3 Nc5 24. Rc3 Nbd3 {[%csl Gd3]} 25. Rb1 (25. Nb5) 25... Re5 26. Nb5 Rd8 27.
Kf1 $6 Rf5 $132 {[%csl Rf2] Les pièces Noires sont nettement plus actives et
mieux coordonnées} 28. Kg2 Rf6 29. Nd4 Re8 30. g4 $2 {[%csl Rf4,Rg2,Rg4]} (30.
Rd1 $142 {[%cal Gd1d3,Gc3d3]} Ne1+ 31. Kf1 Nxf3 32. Rxf3 $11) 30... Rf4 $17 (
30... Nf4+ 31. Kg1 Ne4 $36) 31. Nc2 Ne5 $36 {[%csl Rc4,Ge5,Rf3]} 32. b3 Nxg4
33. Bxg4 Ne4 34. Re3 Rxg4+ 35. Kf3 h5 36. Rd1 g5 37. Re2 Re5 38. h3 Rf5+ 39.
Ke3 Rgf4 40. Rf1 Rf3+ 41. Kd4 Nd2 {Avec ce gain, le bulgare et futur champion
du Monde prend la tête du tournoi.} 0-1

[Event "Sigeman & Co 04th"]
[Site "Malmo"]
[Date "1996.??.??"]
[Round "4"]
[White "Cramling, Pia"]
[Black "Hansen, Curt"]
[Result "0-1"]
[WhiteElo "2525"]
[BlackElo "2615"]
[Annotator "Bykhovsky,Av"]
[PlyCount "80"]
[EventDate "1996.06.??"]
[EventType "tourn"]
[EventRounds "9"]
[EventCountry "SWE"]
[EventCategory "12"]
[SourceTitle "CBM 054"]
[Source "ChessBase"]
[SourceDate "1996.10.01"]
[SourceVersion "1"]
[SourceVersionDate "1996.10.01"]
[SourceQuality "1"]

1. d4 Nf6 2. c4 e6 3. Nf3 Bb4+ 4. Nbd2 d5 5. a3 Be7 6. e3 O-O 7. Bd3 c5 8. dxc5
a5 9. b3 $6 (9. cxd5 $5 exd5 10. b3 Nbd7 11. Bb2 Nxc5 12. Be2 Bg4 13. O-O $14 {
Kanstler,B-Balashov,Y/Moscow/1991/1:0/57/}) 9... Nbd7 10. Bb2 Nxc5 11. Bc2 b6
12. O-O Ba6 {N/} (12... Qc7 13. b4 axb4 14. axb4 Rxa1 15. Bxa1 Na6 16. Be5 Qb7
17. b5 $10 {Johansson,T-Lindberg,B/Stockholm/1993/0:1/46/}) (12... Bb7 13. Qe2
dxc4 14. Nxc4 b5 15. Rfd1 Bd5 16. Nce5 Qb6 17. Nd4 b4 $15 {Adianto,U-Godin,A/
New York/1993/0:1/31/}) 13. Ne5 (13. b4 $5 {/\b5+/=/}) 13... Rc8 14. Qf3 $2 (
14. b4 $10) 14... Ncd7 15. Qh3 Nxe5 16. Bxe5 h6 17. Rfd1 b5 $15 18. e4 (18.
cxb5 Bxb5 19. Bb1 $15) 18... bxc4 19. exd5 (19. bxc4 Bxc4 20. Nxc4 Rxc4 21.
exd5 (21. Qd3 Rxe4 22. Bxf6 Bxf6 23. f3 Qb6+ 24. Kh1 Bxa1 25. Rxa1 Qb2 $19)
21... Rxc2 22. d6 Nd5 $17 23. Qd3) 19... cxb3 20. Bxb3 Nxd5 21. Ne4 Bc4 $17 22.
Qg3 g6 $2 (22... f6 23. Bc2 (23. Bxc4 Rxc4 24. Qg4 Qc8 $19) 23... fxe5 24. Qg6
Nf4 $19) 23. Bc2 Bh4 24. Qh3 $13 f5 25. Nd6 Rc6 26. Nb7 Qe7 (26... Bxf2+ 27.
Kxf2 Qb6+ 28. Rd4 Qxb7 29. Qxh6 Qh7 30. Qxh7+ Kxh7 31. Ba4 $18) 27. Nxa5 Rc5
28. Nxc4 (28. Nb7 $5 Qxb7 29. Qxh4 $13) 28... Rxc4 29. Bb3 $2 (29. Rd2 Bg5 30.
Re2 Qc5 $15) 29... Bxf2+ $1 $19 30. Kh1 (30. Kxf2 Qc5+ 31. Kf1 Ne3+ 32. Ke2
Qxe5 33. Bxc4 Nxd1+ $19) 30... Re4 31. Bb2 Kh7 32. Qf3 Bh4 33. Qd3 Rb8 34. Bxd5
exd5 35. Bc3 d4 $1 36. Bxd4 Rd8 37. Qc3 Rexd4 38. Rxd4 Bf6 39. Rad1 Bxd4 40.
Rxd4 Qg7 0-1

[Event "Tbilisi FIDE GP"]
[Site "Tbilisi"]
[Date "2015.02.27"]
[Round "11"]
[White "Giri, Anish"]
[Black "Dominguez Perez, Leinier"]
[Result "1/2-1/2"]
[WhiteElo "2797"]
[BlackElo "2726"]
[Annotator "CB"]
[PlyCount "126"]
[EventDate "2015.02.15"]
[EventType "tourn"]
[EventRounds "11"]
[EventCountry "GEO"]
[EventCategory "20"]
[SourceTitle "CBM 165"]
[Source "ChessBase"]
[SourceDate "2015.03.11"]
[SourceVersion "1"]
[SourceVersionDate "2015.03.11"]
[SourceQuality "1"]

1. d4 Nf6 2. c4 e6 3. Nf3 Bb4+ 4. Nbd2 O-O 5. a3 Be7 6. e4 d6 7. Be2 c5 8. d5
Nbd7 9. O-O e5 10. Ne1 Ne8 11. Nd3 g6 12. b4 b6 13. a4 a5 14. bxa5 Rxa5 15. Nb3
Ra6 16. Bh6 Ng7 17. Qd2 Nf6 18. f3 Kh8 19. a5 Ng8 20. Be3 f5 21. axb6 Rxa1 22.
Rxa1 Qxb6 23. Qc2 Nf6 24. Nf2 Bd7 25. Rb1 Rb8 26. Nd2 Qa7 27. Rxb8+ Qxb8 28. f4
exf4 29. Bxf4 fxe4 30. g4 Qf8 31. Be3 h5 32. h3 hxg4 33. hxg4 Nge8 34. Kg2 Qg7
35. Qb1 Kg8 36. Qb8 Bf8 37. Qb3 Qe7 38. Bf4 e3 39. Qxe3 Qxe3 40. Bxe3 Be7 41.
Kg3 Nh7 42. Nf3 Kg7 43. Bd3 Kf7 44. Bc2 (44. Nh4 Nf8 (44... Bxh4+ $1 45. Kxh4
Bc8 $11 {There doesn't seem to be any good way of making progress, though
Obviously White is the one pushing for a win.}) 45. Bh6 $16) 44... Kg7 45. Bd2
Nef6 46. Bc3 Kf7 47. Nh4 Nf8 48. Nf3 Bc8 49. Ng5+ Kg8 50. Nf3 Ba6 51. Bd3 Kf7
52. Ba5 Ke8 53. Kf4 Bd8 54. Bc3 Be7 55. Nd2 N6d7 56. Nd1 Bf6 57. Bxf6 Nxf6 58.
Ne3 N6d7 59. Nf3 Kf7 60. Bf1 Kf6 61. Ng5 Ke7 62. Ne4 Nh7 63. Be2 Nhf6 1/2-1/2

[Event "Seville op 34th"]
[Site "Seville"]
[Date "2009.01.27"]
[Round "5"]
[White "Salgado Lopez, Ivan"]
[Black "Rivas Pastor, Manuel"]
[Result "0-1"]
[WhiteElo "2554"]
[BlackElo "2514"]
[Annotator "CB"]
[PlyCount "66"]
[EventDate "2009.01.23"]
[EventType "swiss"]
[EventRounds "9"]
[EventCountry "ESP"]
[SourceTitle "CBM 128 Extra"]
[Source "ChessBase"]
[SourceDate "2009.03.05"]
[SourceVersion "2"]
[SourceVersionDate "2009.03.25"]
[SourceQuality "1"]

1. d4 Nf6 2. c4 e6 3. Nf3 Bb4+ 4. Bd2 Qe7 5. g3 Nc6 {un esquema poco usual que
se aparta algo de los más estudiado} 6. Nc3 d5 7. Bg2 dxc4 8. a3 Bxc3 9. Bxc3
Nd5 10. O-O O-O 11. Qc2 (11. Qa4 Nb6 12. Qc2 Bd7 13. e4 Rfd8 14. Rfe1 Qe8 15.
e5 h6 16. Nd2 Rab8 17. Bf1 Ne7 18. Nxc4 Nxc4 19. Bxc4 Bb5 20. Ba2 Bc6 21. Rad1
{1/2-1/2 Monin,N-Horvath,G/Zalakaros 1991}) 11... Bd7 12. Bd2 b5 13. e4 Nb6 14.
Rfe1 Rfc8 15. d5 Nd8 16. Bb4 Qe8 17. Bc3 Na4 18. e5 {para dar juego al alfil y
especular con Cg5} h6 (18... Nc5 $5) 19. Nd4 ({otra idea era} 19. d6 Bc6 20.
Rad1) 19... Rab8 20. f4 {el blanco no encuentra un plan activo} Nxc3 21. bxc3
c5 {tomando la iniciativa} 22. dxe6 ({probablemente resistía algo más} 22. dxc6
Nxc6 23. Ne2 Ne7 24. Nd4 Nf5 25. Nxf5 exf5 26. Rad1 Rd8 27. Rd6 Be6 28. Bc6 Qf8
29. Red1 Rxd6 30. Rxd6) 22... cxd4 23. exd7 Qxd7 24. cxd4 Qxd4+ 25. Kh1 b4 {
Diagrama #} ({más natural parece} 25... a5) 26. Rad1 (26. axb4 $5 Rxb4 (26...
Nc6 27. Bxc6 Rxc6 28. Red1 Qb6 29. Rab1) 27. Qf5 Rcb8 28. Be4 g6 29. Qh3 Kg7
30. Rad1 Qf2 31. Qh4) 26... b3 $1 27. Qf5 $2 (27. Rxd4 bxc2 28. Be4 Ne6 29. Rd6
Rb3 30. Rc1 Rxa3 31. Rxc2 c3 $17) 27... Qc5 $19 28. Rd6 Ne6 29. Rxe6 fxe6 30.
Qxe6+ Kh8 31. Qg6 Qf8 32. Be4 Qg8 33. f5 Qe8 0-1

[Event "Olympiad-39"]
[Site "Khanty-Mansiysk"]
[Date "2010.09.22"]
[Round "2.1"]
[White "Carlsen, Magnus"]
[Black "Galego, Luis"]
[Result "1-0"]
[WhiteElo "2826"]
[BlackElo "2500"]
[Annotator "CB"]
[PlyCount "87"]
[EventDate "2010.09.21"]
[EventType "team-swiss"]
[EventRounds "11"]
[EventCountry "RUS"]
[SourceTitle "CBM 139"]
[Source "ChessBase"]
[SourceDate "2010.11.18"]
[SourceVersion "1"]
[SourceVersionDate "2010.11.18"]
[SourceQuality "1"]
[WhiteTeam "Norway"]
[BlackTeam "Portugal"]
[WhiteTeamCountry "NOR"]
[BlackTeamCountry "POR"]
[TimeControl "40/5400+30:1800+30"]

1. d4 Nf6 2. c4 e6 3. Nf3 Bb4+ 4. Bd2 Bxd2+ 5. Qxd2 d5 6. g3 O-O 7. Bg2 Nbd7 8.
Qc2 c6 9. Nbd2 Qe7 10. O-O e5 11. cxd5 Nxd5 12. e4 {White's plan is to play
his center majority against black's queenside majority.} N5f6 $6 ({The usual
move is} 12... N5b6) 13. Rfe1 exd4 14. e5 Nd5 15. Nxd4 N7b6 16. f4 $1 Nb4 17.
Qe4 {White has achieved what he wanted and is clearly to be favored.} Rd8 18.
N2f3 Bg4 19. Rad1 Bxf3 $2 {Why play this without being forced to?} 20. Bxf3 Qc5
{#} ({Black would still be in big trouble after} 20... Nxa2 21. f5 $1 Nd5 22.
f6 $1 {and his position would collapse after} gxf6 $6 23. Nf5 $1 Qf8 24. Qh4 b6
25. Bxd5 Rxd5 26. Nh6+ Kh8 (26... Kg7 27. Qxf6#) 27. Qxf6+ Qg7 28. Nxf7+ Kg8
29. Qxc6) 21. e6 $1 fxe6 22. Kh1 Qd5 23. Qe3 Qxa2 24. Nxe6 Rxd1 25. Rxd1 {
The threat of Qe5 is very tough to meet.} Qxb2 $2 26. Nd8 $1 {This lovely move
wins by force.} Qf6 27. Qe8+ Qf8 28. Qe6+ Kh8 29. Nf7+ Kg8 {#} 30. Rd8 $1 Rxd8
31. Nxd8+ Kh8 32. Nf7+ Kg8 33. Ng5+ Kh8 34. Qe4 g6 35. Qd4+ Qg7 36. Qxb4 $2 {
Winning a piece and no doubt the game, but he had a stronger continuation all
the same.} (36. Qd8+ Qg8 37. Qf6+ Qg7 38. Nf7+ Kg8 39. Nh6+ $1 {Undoubtedly
the move that Carlsen missed.} Qxh6 40. Bg4 $1 {and the threat of Be6 is
unstoppable.}) 36... h6 37. Ne4 Nd5 38. Qa3 b5 39. Qc5 b4 40. Qxc6 Qa1+ 41. Kg2
Ne3+ 42. Kf2 Qd4 43. Qe8+ Kg7 44. Qe7+ 1-0

[Event "Cappelle op 29th"]
[Site "Cappelle la Grande"]
[Date "2013.02.28"]
[Round "7"]
[White "Sjugirov, Sanan"]
[Black "Vazquez Igarza, Renier"]
[Result "1-0"]
[WhiteElo "2646"]
[BlackElo "2565"]
[Annotator "CB"]
[PlyCount "103"]
[EventDate "2013.02.23"]
[EventType "swiss"]
[EventRounds "9"]
[EventCountry "FRA"]
[SourceTitle "CBM 153 Extra"]
[Source "ChessBase"]
[SourceDate "2013.04.22"]
[SourceVersion "1"]
[SourceVersionDate "2013.04.22"]
[SourceQuality "1"]

1. d4 Nf6 2. c4 e6 3. Nf3 d5 4. g3 Bb4+ 5. Bd2 Be7 6. Bg2 c6 7. O-O Nbd7 8. Qb3
({Der Hauptzug ist} 8. Qc2) 8... Nb6 (8... O-O 9. Rc1 Nb6 10. Ba5 dxc4 11. Qd1
Qd5 12. Bc3 Qb5 13. a4 Qa6 14. Nbd2 Nbd5 15. Ne5 c5 16. Ndxc4 Nxc3 17. bxc3 Nd7
18. Qb3 {mit weißem Vorteil in Kramnik,V (2799)-Leko,P (2730) Dortmund 2012 1/
2-1/2 (134)}) 9. Ba5 {Zwingt zu} dxc4 10. Qc2 (10. Bxb6 {taugt nichts:} cxb3
11. Bxd8 bxa2 12. Ba5 axb1=Q 13. Rfxb1 O-O) 10... Qd5 11. Bc3 (11. Bxb6 axb6
12. Ne5 Qxd4 13. Nxc6 Qc5 14. Nxe7 Kxe7 15. Nd2 b5 16. Rfd1 Ra6 17. b3 Rd6 18.
Ne4 Nxe4 19. Qxe4 Rhd8 20. Rxd6 Rxd6 21. Qxh7 c3 22. Be4 Rd2 23. b4 Qe5 24. Re1
Rxa2 25. Rd1 Rxe2 26. Qg8 Rd2 27. Rc1 Bd7 28. Qh7 Qd4 29. Qh4+ f6 30. Qf4 Rd1+
31. Rxd1 Qxd1+ 32. Kg2 c2 {0-1 (32) Ippolito,D (2390)-Schlosser,P (2550)
Groningen 1997}) 11... Qf5 12. Qc1 O-O 13. a4 (13. Nh4 $6 Qb5) 13... Qh5 ({
Der Reflex} 13... a5 {führt zu Verwicklungen:} 14. Nh4 Qh5 15. Bf3 Ng4 16. h3
f5 17. hxg4 fxg4 18. Be4 (18. Bg2 $2 g5) 18... Bxh4 19. gxh4 Qxh4 20. Qe3 {
und Schwarz hat nicht genug für die Figur.}) 14. h3 Ne4 15. Be1 f5 16. e3 Bd7
(16... a5 $5) 17. a5 Nd5 18. Ne5 Be8 19. Nd2 Ng5 ({Interessant war} 19... c5 $5
20. Nxe4 fxe4 21. Bxe4 Bb5 $5) 20. h4 Nf7 21. Ndxc4 {Der Katalanische Bauer
ist nun bei guter Stellung zurückerobert.} Nxe5 22. Nxe5 Bd6 23. Bf3 Qh6 {
Ein Feld hat die Dame noch.} 24. a6 $5 ({Gut war auch} 24. Bd2 Bxe5 25. dxe5
Qg6 26. Rd1) 24... Bxe5 ({In Betracht kam} 24... b6 25. Nxc6 Bh5 (25... Rc8 $2
26. Bxd5 exd5 27. Ne7+ $18) 26. Qd1 Bxf3 27. Qxf3 Qg6 {und Schwarz spielt noch
mit.}) 25. axb7 Rb8 26. dxe5 Rxb7 27. Bd2 Qg6 28. Ra5 Qf7 29. Bc3 Qc7 30. Qd2 (
30. Rd1 $5 Nxc3 31. Qxc3 Rxb2 32. Rd6 $16) 30... Nxc3 31. Qxc3 Rxb2 32. Rxa7
Qxa7 33. Qxb2 c5 34. Ra1 Qc7 35. Ra6 Bd7 36. Rb6 c4 37. Qd4 Rd8 38. Rd6 c3 39.
Bd1 Kf8 40. Bc2 Ke7 41. e4 ({Oder} 41. Qb4 Ke8 42. e4 Rb8 43. Qd4 $18) 41...
Rb8 (41... fxe4 42. Qb4 Ke8 43. Qxe4 $18) 42. exf5 exf5 43. Rd5 ({Stark war} 
43. h5 Z0 {mit der Idee} 44. Qh4+ Kf7 45. h6 $18) 43... Be6 44. Rc5 Qd7 45.
Qxc3 Rc8 46. Rxc8 Qxc8 47. Qxc8 Bxc8 48. Bb3 h6 49. Kf1 Bd7 50. Ke2 Bc8 51. Ke3
Bd7 52. Kf4 ({Die Gewinnführung nach} 52. Kf4 g6 {hätte man sich noch zeigen
lassen können.} 53. h5 $2 g5+ 54. Ke3 Be8 55. Bd1 Ke6 56. Kd4 g4 57. Bb3+ Ke7
{ist es nicht.}) 1-0

[Event "Teheran FIDE GP (Women)"]
[Site "Teheran"]
[Date "2016.02.22"]
[Round "10"]
[White "Dzagnidze, Nana"]
[Black "Ju, Wenjun"]
[Result "0-1"]
[WhiteElo "2529"]
[BlackElo "2558"]
[Annotator "CB"]
[PlyCount "132"]
[EventDate "2016.02.11"]
[EventType "tourn"]
[EventRounds "11"]
[EventCountry "IRI"]
[EventCategory "11"]
[SourceTitle "CBM 171"]
[Source "ChessBase"]
[SourceDate "2016.03.14"]
[SourceVersion "2"]
[SourceVersionDate "2016.03.14"]
[SourceQuality "1"]

1. d4 Nf6 2. c4 e6 3. Nf3 Bb4+ 4. Bd2 Qe7 5. Nc3 b6 6. e3 Bb7 7. Be2 O-O 8. O-O
d6 9. Rc1 Bxc3 10. Bxc3 Ne4 11. Qc2 Nd7 12. Rfd1 f5 13. Be1 a5 14. Nd2 Nxd2 15.
Qxd2 e5 16. f3 Rae8 17. Bf1 Qg5 18. d5 h5 19. b3 h4 20. a3 h3 21. g3 Qh5 22.
Be2 g5 23. b4 axb4 24. axb4 g4 25. f4 Qf7 26. Ra1 Ra8 27. fxe5 Nxe5 28. Qd4 b5
{[#]} 29. cxb5 $2 (29. Rxa8 Rxa8 30. c5 $11) 29... Rxa1 30. Rxa1 Bxd5 {Dame
und König stehen nun in einer Gabel, was zu taktischen Schlägen einlädt und
Weiß in der Folge beschäftigt.} 31. Bc3 (31. Ra7 Bc4 $15) 31... Bf3 32. Bf1
Be4 33. Kf2 Qb3 34. Be2 Qc2 35. Qd2 Qxd2 36. Bxd2 Bf3 37. Bf1 (37. Bxf3 $2 Nxf3
38. Bc3 Nxh2 $19) 37... Bd5 38. Be2 Bf3 39. Bf1 Be4 40. Be2 Bd3 41. Bc3 Bxe2
42. Bxe5 Bxb5 43. Bd4 {Mit einem sicheren Mehrbauen kann Schwarz hier
risikolos auf Gewinn spielen.} Rc8 44. Ra5 Bd3 45. Ke1 Kf7 46. Kd2 Be4 47. Kc3
Ke6 48. Kc4 Bf3 49. Kc3 Be2 50. Kd2 Bf1 51. Kc3 c6 52. Ba7 Bb5 53. Kd4 Re8 54.
Ra2 Kd7 55. Kc3 Re4 56. Rc2 Re5 57. Bd4 Re8 58. Ba7 Ra8 59. Ra2 ({Besser war
noch} 59. Bd4 Ra3+ 60. Kb2 Rd3 {allerdings mit ungünstiger Position.}) 59...
c5 {Nun kommt der La7 ins Gedränge.} 60. Ra3 Rc8 61. Bb6 Kc6 62. Ba5 Re8 63.
Kd2 {[#]} f4 $1 {Der entscheidende Schlag.} 64. gxf4 (64. exf4 Re2+ 65. Kc3
Rxh2 $19) 64... g3 65. hxg3 Bf1 (65... h2 {gewann auch, z.B.:} 66. Ra1 cxb4 67.
Bxb4 Re4 68. Bc3 Ra4 69. Rh1 Ra2+ 70. Kc1 Rg2 $19) 66. Ke1 (66. Ra1 Bg2 $19)
66... h2 0-1